Kant a problém politiky

Vymedzenie politiky v kantovom filozofickom diele. Kantova teória štátneho práva. Kantova formulácia princípu morálneho politika. Pojem spravodlivosť.

Uložené v:
Podrobná bibliografia
Hlavný autor: Belás, Ľubomír
Médium: Kapitola
Jazyk:Slovak
Predmet:
Tagy: Pridať tag
Žiadne tagy, Buďte prvý, kto otaguje tento záznam!

MARC

LEADER 00000naa$a2200000$$$4500
001 0072080
005 20231121094043.2
041 0 |a slo 
044 |a SK 
245 1 0 |a Kant a problém politiky  |c Ľubomír Belás 
520 |a Vymedzenie politiky v kantovom filozofickom diele. Kantova teória štátneho práva. Kantova formulácia princípu morálneho politika. Pojem spravodlivosť. 
610 2 0 |a filozofia 
610 2 0 |a politika 
610 2 0 |a Kant, I. 
610 2 0 |a spravodlivosť 
610 2 0 |a právo štátne 
100 1 |a Belás, Ľubomír